000 00533nam a2200181Ia 4500
008 100920s9999 xx 000 0 und d
082 _b47207
_a24 थ 83
100 _aआठल्ये अनिल.
245 _aप्रतिक्षा.
260 _bशकुन प्रकाशन, पुणे.
_c1983
300 _a206
_bसाधी
365 _b25
520 _aसायो.
630 _aप्रतिक्षा.
650 _aसायो.
730 _aप्रतिक्षा.
942 _cBOOK
999 _c694685
_d694682